| 000 | aam a22 a 4500 | ||
|---|---|---|---|
| 999 |
_c3080 _d3080 |
||
| 003 | AKMAL | ||
| 005 | 20170519110919.0 | ||
| 008 | 170519s1984 uk 00 eng d | ||
| 020 |
_a0006368247 (pbk.): _cRM8.80 |
||
| 040 |
_aAKMAL _cAKMAL |
||
| 082 | 0 | 4 | _a658.3 BLA |
| 090 | 0 | 0 |
_a658.3 _bBLA d |
| 090 | 2 | 0 |
_a658.3 _bBLA |
| 100 | 1 |
_aBlanchard, Kenneth H. _96393 |
|
| 245 | 1 | 0 |
_aPutting the one minute manager to work : _bhow to turn the 3 secrets into skills / _cKenneth Blanchard (and) Robert Lorber |
| 260 |
_aLondon : _bFontana, _c1983 |
||
| 300 | 0 | 0 |
_a96p. : _bill. ; _c20cm |
| 650 | 0 |
_aManagement _91462 |
|
| 650 | 0 |
_aBusinessmen _xTime management _96394 |
|
| 650 | 0 |
_aDecision making _96395 |
|
| 650 | 0 |
_aExecutives _xTime management _96396 |
|
| 650 | 0 |
_aGoal setting in personnel management _96397 |
|
| 650 | 0 |
_aOrganizational effectiveness _9566 |
|
| 700 | 1 |
_aLorber, Robert _96398 |
|
| 942 |
_2ddc _cBOOK |
||